A Real-time Solar Tracking System / (Record no. 172877)
[ view plain ]
| 000 -LEADER | |
|---|---|
| fixed length control field | 01168nam a2200301 4500 |
| 003 - CONTROL NUMBER IDENTIFIER | |
| control field | NUST |
| 005 - DATE AND TIME OF LATEST TRANSACTION | |
| control field | 20260513121754.0 |
| 008 - FIXED-LENGTH DATA ELEMENTS--GENERAL INFORMATION | |
| fixed length control field | 260513b |||||||| |||| 00| 0 eng d |
| 040 ## - CATALOGING SOURCE | |
| Original cataloging agency | NUST |
| Language of cataloging | eng |
| Transcribing agency | NUST |
| Modifying agency | NUST |
| Description conventions | rda |
| 050 ## - LIBRARY OF CONGRESS CALL NUMBER | |
| Classification number | TK8322 NYI |
| 100 ## - MAIN ENTRY--PERSONAL NAME | |
| Personal name | Nyika, Takunda R. |
| Relator term | author. |
| 245 ## - TITLE STATEMENT | |
| Title | A Real-time Solar Tracking System / |
| Statement of responsibility | Takunda R. Nyika. |
| 260 ## - PUBLICATION, DISTRIBUTION, ETC. | |
| Place of publication, distribution, etc. | Bulawayo, Zimbabwe : |
| Name of publisher, distributor, etc. | National University of Science and Technology , |
| Date of publication, distribution, etc. | ©2021 |
| 300 ## - PHYSICAL DESCRIPTION | |
| Extent | ix ,38 pages : |
| Other physical details | illustrations; |
| 336 ## - CONTENT TYPE | |
| Source | rdacontent |
| Content type term | text |
| Content type code | txt |
| 337 ## - MEDIA TYPE | |
| Source | rdamedia |
| Media type term | unmediated |
| Media type code | n |
| 338 ## - CARRIER TYPE | |
| Source | rdacarrier |
| Carrier type term | volume |
| Carrier type code | nc |
| 500 ## - | |
| Typescript | A Research project submitted in partial fulfilment of the requirements for the Bachelor of Science Honors degree in Applied Physics. |
| 501 ## - STUDY LEVEL | |
| -- | [ ] |
| 504 ## - BIBLIOGRAPHY, ETC. NOTE | |
| Bibliography, etc. note | Includes bibliographical references |
| 650 ## - SUBJECT ADDED ENTRY--TOPICAL TERM | |
| Topical term or geographic name entry element | Solar energy |
| General subdivision | Tracking systems. |
| 650 ## - SUBJECT ADDED ENTRY--TOPICAL TERM | |
| Topical term or geographic name entry element | Solar collectors |
| General subdivision | Design and construction. |
| 650 ## - SUBJECT ADDED ENTRY--TOPICAL TERM | |
| Topical term or geographic name entry element | Real-time control systems. |
| 650 ## - SUBJECT ADDED ENTRY--TOPICAL TERM | |
| Topical term or geographic name entry element | Renewable energy technologies. |
| 650 ## - SUBJECT ADDED ENTRY--TOPICAL TERM | |
| Topical term or geographic name entry element | Photovoltaic power systems. |
| 700 ## - ADDED ENTRY--PERSONAL NAME | |
| Personal name | Mr. C. Chuma. |
| Relator term | supervisor. |
| 942 ## - ADDED ENTRY ELEMENTS (KOHA) | |
| Source of classification or shelving scheme | Library of Congress Classification |
| Suppress in OPAC | No |
| Koha item type | 3-Hour Loan Material |
| Classification part | TK8322 |
| Call number prefix | TK |
| Call number suffix | NYI |
| 999 ## - | |
| -- | 172877 |
| -- | 172877 |
| Withdrawn status | Lost status | Source of classification or shelving scheme | Damaged status | Not for loan | Collection | Home library | Current library | Shelving location | Date acquired | Cost, normal purchase price | Total Checkouts | Full call number | Barcode | Date last seen | Accession number | Cost, replacement price | Price effective from | Koha item type |
|---|---|---|---|---|---|---|---|---|---|---|---|---|---|---|---|---|---|---|
| LCC | NFIC | MAIN | MAIN | Special Collection | 05/13/2026 | 5.00 | TK8322 NYI | 92004056254 | 05/13/2026 | SC24/1355 | 5.00 | 05/13/2026 | BOOKS |